000 00714nam a2200241Ia 4500
003 OSt
005 20221005130445.0
006 a|||||r|||| 00| 0
007 ta
008 221004b |||||||| |||| 00| 0 eng d
024 _a66328
037 _cTextual
040 _aCRL
_cCRL
_beng
041 _2eng
_aeng
082 _aV58:21xM95z7, J61
100 _aBulganin N. A.
_9638174
245 0 _aReports on visit to India, Burma, and Afghanistan, to the supreme Soviet of the USSR, December 29, 1955
260 _c1956
650 _aHISTORY
700 _a Khrushchev N. S.
_9113539
942 _hV58:21xM95z7, J61
_cTEXL
_2cc
999 _c1057307
_d1057307